000 00592nam a2200217Ia 4500
005 20251121140019.0
008 230125s9999 xx 000 0 und d
020 _a9788131403051
041 _aeng
082 _a158.1
_bKUM
100 _akumar V V R, Ed.
_9215215
245 _aEffective Presentation Skills
_bThe Key to Success
250 _a1st Ed.
260 _c2006
_bICFAI publication
_aHyderabad
300 _a203p
500 _aPersonality Development
650 _aHRM Gen
_9215216
700 _akumar V V R, Ed. & Abhyankar M W, Donor
_9215217
906 _b200
942 _cBK
999 _c93636
_d93636